Auswirkungen der Industrie 4.0 auf die Produktion der Zukunft

Salvato in:
Dettagli Bibliografici
Autore principale: Schmidt, Simon
Natura: Capitolo di libro
Lingua:tedesco
Soggetti:
Tags: Aggiungi Tag
Nessun Tag, puoi essere il primo ad aggiungerne!!

MARC

LEADER 00000nla a2200000 4500
001 0224211
005 20240502073654.2
041 0 |a ger 
044 |a SK 
245 1 0 |a Auswirkungen der Industrie 4.0 auf die Produktion der Zukunft  |c Simon Schmidt 
610 2 0 |a priemysel 
610 2 0 |a výroba 
610 2 0 |a podnik výrobný 
610 2 0 |a vývoj 
610 2 0 |a technológie nové 
100 1 |a Schmidt, Simon